| 000 -ლიდერი |
| ფიქსირებული სიგრძის საკონტროლო ველი |
01419nam a22002417a 4500 |
| 003 - საკონტროლო ნომრის იდენტიფიკატორი |
| საკონტროლო ველი |
Ge_BSU |
| 005 - ბოლო ოპერაციის თარიღი და დრო |
| საკონტროლო ველი |
20200520130732.0 |
| 008 - ფიქსირებული სიგრძის მონაცემთა ელემენტები - ზოგადი ინფორმაცია |
| ფიქსირებული სიგრძის საკონტროლო ველი |
200520s2020 xxu||||| |||| 00| 0 geo d |
| 020 ## - წიგნის საერთაშორისო სტანდარტული ნომერი |
| International Standard Book Number |
9789941821868 |
| 041 ## - ენის კოდი |
| Language code of text/sound track or separate title |
geo |
| 080 ## - უნივერსალური ათობითი კლასიფიკაციის ინდექსი |
| Universal Decimal Classification number |
349.2(094.9)+331.109(479.22) შ-59 |
| 100 ## - მთავარი ჩანაწერი - პიროვნების სახელი |
| Personal name |
შველიძე, ზაქარია. |
| 9 (RLIN) |
8109 |
| 245 ## - ცნობა სათაურის შესახებ |
| Title |
შრომით დავებზე საქართველოს სასამართლო პრაქტიკა : |
| Remainder of title |
(გადაწყვეტილებათა კრებული) / |
| Statement of responsibility, etc |
ზაქარია შველიძე ; რედ: ქეთევან მესხიშვილი ; თამარ გაბელაია. |
| 264 ## - წარმოების, გამოცემის, დისტრიბუციის და სხვა ცნობები |
| გამოცემის, წარმოების, დისტრიბუციის... ადგილი |
თბილისი : |
| გამოცემის, წარმოების, დისტრიბუციის... სახელწოდება |
|
| გამოცემის, წარმოების, დისტრიბუციის... თარიღი |
2020. |
| 300 ## - ფიზიკური აღწერა |
| Extent |
316 გვ .: |
| Dimensions |
22სმ. |
| 653 ## - INDEX TERM--UNCONTROLLED |
| Uncontrolled term |
შრომით დავებზე საქართველოს სასამართლო პრაქტიკა |
| 653 ## - INDEX TERM--UNCONTROLLED |
| Uncontrolled term |
სამართალი |
| 653 ## - INDEX TERM--UNCONTROLLED |
| Uncontrolled term |
შრომა დასაქმება |
| 700 ## - ADDED ENTRY--PERSONAL NAME |
| Personal name |
მესხიშვილი, ქეთევან |
| Relator term |
რედაქტორი |
| 9 (RLIN) |
8110 |
| 700 ## - ADDED ENTRY--PERSONAL NAME |
| Personal name |
გაბელაია, თამარ |
| Relator term |
რედაქტორი |
| 9 (RLIN) |
5880 |
| 856 ## - ELECTRONIC LOCATION AND ACCESS |
| Uniform Resource Identifier |
http://lawlibrary.info/ge/books/2020giz-ge-shromit_davebze_praqtika.pdf |
| Link text |
ელექტრონული ვერსია |
| 942 ## - ADDED ENTRY ELEMENTS (KOHA) |
| Source of classification or shelving scheme |
|
| Koha item type |
წიგნი |